000 00311nam a2200109Ia 4500
008 200302s9999 xx 000 0 und d
100 _aKoos Eissen & Roselien Steur
245 _aSketching Drawing Techniques for Product designers
260 _bPage One Publishing Pvt., Ltd.,
260 _c2007
300 _a255 P.,
999 _c2595
_d2595